000 004600000a22001810004500
003 MACL
005 20160130120412.0
008 160130b xxu||||| |||| 00| 0 eng d
040 _aMACL
_cMACL
041 _aEnglish
082 _a080/FIN
100 _aFink, Cynthia Berryman
_935809
245 _aThe Managers desk reference
260 _bIndra Publishing House
_c2010
_aMumbai
350 _a360
650 _aGeneralities
_91354
942 _cBK
_k080/FIN
_2ddc
999 _c45842
_d45842